[Event "Berlin Lichtenberger op 15th"]
[Site "Berlin"]
[Date "2016.08.13"]
[Round "1"]
[White "Richter, Robert"]
[Black "Poseck, Steffen"]
[Result "0-1"]
[WhiteElo "1542"]
[BlackElo "2039"]
[PlyCount "72"]
[EventDate "2016.08.13"]
[EventType "swiss"]
[EventRounds "9"]
[EventCountry "GER"]
[SourceTitle "CBM 173 Extra"]
[Source "ChessBase"]
[SourceDate "2016.08.29"]
[SourceVersion "1"]
[SourceVersionDate "2016.08.29"]
[SourceQuality "1"]

1. e4 c5 2. Nf3 a6 3. d4 cxd4 4. Nxd4 Nf6 5. Nc3 e5 6. Nb3 Bb4 7. Bd3 d5 8. exd5 e4 9. Be2 Nxd5 10. Bd2 Nxc3 11. bxc3 Be7 12. 0-0 0-0 13. Re1 Re8 14. Bf1 Bg5 15. Qe2 Nc6 16. Rad1 Bxd2 17. Nxd2 Qh4 18. Nxe4 Bf5 19. f3 Bxe4 20. fxe4 Ne5 21. g3 Qf6 22. Bg2 Rac8 23. Rb1 b5 24. Rb3 Rc4 25. Qd2 Rd8 26. Qf4 Qb6+ 27. Kh1 Ng6 28. Qg5 h6 29. Qf5 Qc5 30. Rf1 Ne5 31. Qf2 Qxf2 32. Rxf2 Rd1+ 33. Bf1 Ng4 34. Rf4 Rxe4 35. Rf3 Ree1 36. Kg1 Ne3 0-1

[Event "GER-ch U25-A"]
[Site "Willingen"]
[Date "2016.05.18"]
[Round "6"]
[White "Bilau, Max"]
[Black "Richter, Robert"]
[Result "0-1"]
[WhiteElo "1645"]
[BlackElo "1550"]
[PlyCount "72"]
[EventDate "2016.05.15"]
[EventType "swiss"]
[EventRounds "9"]
[EventCountry "GER"]
[SourceTitle "CBM 172 Extra"]
[Source "ChessBase"]
[SourceDate "2016.06.21"]
[SourceVersion "1"]
[SourceVersionDate "2016.06.21"]
[SourceQuality "1"]

1. d4 Nf6 2. Nf3 g6 3. Nc3 d5 4. Bg5 Ne4 5. Nxe4 dxe4 6. Ng1 Bg7 7. e3 c5 8. c3 Qd5 9. Bf4 0-0 10. Bxb8 Rxb8 11. Qc2 Bf5 12. dxc5 Qxc5 13. Ne2 b5 14. Rc1 Rfc8 15. Ng3 Rb6 16. Be2 b4 17. c4 b3 18. axb3 Rcb8 19. 0-0 Rxb3 20. Rb1 Rxb2 21. Rxb2 Rxb2 22. Qa4 Rb8 23. Rd1 a5 24. h3 Qb4 25. Qc6 a4 26. Nxf5 gxf5 27. c5 a3 28. Qd5 Qa5 29. Bc4 e6 30. Qd7 Qxc5 31. Bxe6 fxe6 32. Qxe6+ Kh8 33. Rd7 Rb1+ 34. Kh2 Qe5+ 35. Qxe5 Bxe5+ 36. g3 a2 0-1

[Event "GER-ch U25-A"]
[Site "Willingen"]
[Date "2016.05.15"]
[Round "2"]
[White "Wissing, Philipp"]
[Black "Richter, Robert"]
[Result "1-0"]
[WhiteElo "1583"]
[BlackElo "1550"]
[PlyCount "75"]
[EventDate "2016.05.15"]
[EventType "swiss"]
[EventRounds "9"]
[EventCountry "GER"]
[SourceTitle "CBM 172 Extra"]
[Source "ChessBase"]
[SourceDate "2016.06.21"]
[SourceVersion "1"]
[SourceVersionDate "2016.06.21"]
[SourceQuality "1"]

1. e4 c5 2. Nf3 g6 3. d4 cxd4 4. Nxd4 Bg7 5. Be3 Nc6 6. c4 d6 7. Nc3 Nf6 8. f3 0-0 9. Be2 Bd7 10. Qd2 Rc8 11. 0-0 Ne5 12. b3 a6 13. Rac1 Bc6 14. Rfd1 Rb8 15. h3 Bd7 16. Nd5 Re8 17. Kh1 Rf8 18. Bh6 Re8 19. Bxg7 Kxg7 20. Nxf6 exf6 21. Nc2 Re6 22. Nb4 Rc8 23. Qe3 Qa5 24. Nd5 Qa3 25. Rc2 Rd8 26. Qc1 Qc5 27. Bf1 Ree8 28. f4 Nc6 29. Qb2 Re6 30. b4 Qa7 31. b5 axb5 32. cxb5 Na5 33. b6 Qb8 34. Qb4 Nc6 35. Qe1 Rde8 36. Rc4 R6e7 37. Nxe7 Rxe7 38. Qd2 1-0

[Event "GER-chT North U14"]
[Site "Magdeburg"]
[Date "2013.09.14"]
[Round "5.1"]
[White "Richter, Robert"]
[Black "Heldt, Nils Lennart"]
[Result "0-1"]
[WhiteElo "1459"]
[BlackElo "1527"]
[PlyCount "88"]
[EventDate "2013.09.12"]
[EventType "team-swiss"]
[EventRounds "7"]
[EventCountry "GER"]
[SourceTitle "EXT 2014"]
[Source "ChessBase"]
[SourceDate "2013.11.20"]
[SourceVersion "1"]
[SourceVersionDate "2013.11.20"]
[SourceQuality "1"]
[WhiteTeam "Ruedersdorf"]
[BlackTeam "Werder Bremen"]
[WhiteTeamCountry "GER"]
[BlackTeamCountry "GER"]

1. e4 e5 2. Nf3 Nc6 3. Bc4 Bc5 4. c3 Nf6 5. d4 exd4 6. cxd4 Bb4+ 7. Bd2 Nxe4 8. Bxb4 Nxb4 9. Qb3 d5 10. Qxb4 dxc4 11. Qxc4 0-0 12. 0-0 Be6 13. Qe2 Ng5 14. Rd1 Bg4 15. Nbd2 Qd5 16. Re1 Nxf3+ 17. Nxf3 Bxf3 18. Qxf3 Qxf3 19. gxf3 Rfe8 20. Kg2 Kf8 21. Kg3 Rad8 22. Rxe8+ Rxe8 23. b3 Re2 24. Rc1 c6 25. a4 Rd2 26. Rc4 Re2 27. b4 Ke7 28. b5 Kd6 29. bxc6 bxc6 30. Rc5 g6 31. Ra5 Re7 32. Kf4 f6 33. h4 h5 34. Kg3 Rb7 35. Kf4 Kc7 36. Ke4 Kb6 37. Rc5 Re7+ 38. Kd3 Re1 39. a5+ Kc7 40. d5 Rd1+ 41. Ke4 Rxd5 42. Rxd5 cxd5+ 43. Kxd5 g5 44. hxg5 fxg5 0-1

[Event "GER-chT North U14"]
[Site "Magdeburg"]
[Date "2012.09.09"]
[Round "7.1"]
[White "Wolff, Martin1111"]
[Black "Richter, Robert"]
[Result "0-1"]
[WhiteElo "1224"]
[BlackElo "1107"]
[PlyCount "76"]
[EventDate "2012.09.06"]
[EventType "team-swiss"]
[EventRounds "7"]
[EventCountry "GER"]
[SourceTitle "EXT 2015"]
[Source "ChessBase"]
[SourceDate "2014.11.20"]
[SourceVersion "1"]
[SourceVersionDate "2014.11.20"]
[SourceQuality "1"]
[WhiteTeam "Magdeburg Aufbau Elbe"]
[BlackTeam "Ruedersdorf"]
[WhiteTeamCountry "GER"]
[BlackTeamCountry "GER"]

1. e4 c5 2. Nf3 g6 3. d4 cxd4 4. Nxd4 Bg7 5. Be3 Nf6 6. Nc3 0-0 7. Bc4 Nc6 8. Bb3 e5 9. Nf3 d6 10. Qd2 Qc7 11. 0-0-0 Rd8 12. Bg5 Be6 13. Nd5 Bxd5 14. Bxd5 Rac8 15. Bxc6 Qxc6 16. Bxf6 Bxf6 17. c3 Qxe4 18. Rhe1 Qg4 19. Rg1 e4 20. h3 Qe6 21. Rge1 Qxa2 22. Rxe4 a5 23. Nd4 Qa1+ 24. Kc2 Qa4+ 25. Kc1 b5 26. Rde1 b4 27. Ne2 Qc6 28. Qf4 d5 29. Nd4 Bxd4 30. Rxd4 bxc3 31. b3 Rb8 32. Kc2 Qb5 33. Rb1 Qe2+ 34. Kc1 Qe1+ 35. Kc2 Qe2+ 36. Kc1 c2 37. Rb2 Rbc8 38. Qd2 Qf1+ 0-1

[Event "GER-chT North U14"]
[Site "Magdeburg"]
[Date "2012.09.08"]
[Round "6.1"]
[White "Reuker, Jari"]
[Black "Richter, Robert"]
[Result "1-0"]
[WhiteElo "1690"]
[BlackElo "1107"]
[PlyCount "77"]
[EventDate "2012.09.06"]
[EventType "team-swiss"]
[EventRounds "7"]
[EventCountry "GER"]
[SourceTitle "EXT 2015"]
[Source "ChessBase"]
[SourceDate "2014.11.20"]
[SourceVersion "1"]
[SourceVersionDate "2014.11.20"]
[SourceQuality "1"]
[WhiteTeam "Wildeshausen"]
[BlackTeam "Ruedersdorf"]
[WhiteTeamCountry "GER"]
[BlackTeamCountry "GER"]

1. e4 c5 2. Nf3 g6 3. d4 cxd4 4. Qxd4 Nf6 5. e5 Nh5 6. e6 Bg7 7. exf7+ Kf8 8. Qd1 d5 9. Be2 Be6 10. Ng5 Qd6 11. Bxh5 gxh5 12. Qxh5 Qe5+ 13. Qe2 Qxe2+ 14. Kxe2 Bxf7 15. Nxf7 Kxf7 16. Nc3 d4 17. Nb5 Nc6 18. Bf4 a6 19. Nc7 Rac8 20. Nd5 b5 21. a4 e5 22. Bd2 Rhd8 23. c4 bxc4 24. Nb6 Rb8 25. Nxc4 d3+ 26. Kd1 Rd4 27. Rc1 Nb4 28. Na5 Rd5 29. Rc7+ Kg6 30. Nc6 Nxc6 31. Rxc6+ Bf6 32. b4 h5 33. Bc3 Kf5 34. f4 Rb7 35. Rf1 Be7 36. fxe5+ Ke4 37. g3 Bxb4 38. Rf4+ Ke3 39. Rcc4 1-0

[Event "GER-chT North U14"]
[Site "Magdeburg"]
[Date "2012.09.08"]
[Round "5.1"]
[White "Richter, Robert"]
[Black "Boehning, Kilian"]
[Result "0-1"]
[WhiteElo "1107"]
[BlackElo "1943"]
[PlyCount "74"]
[EventDate "2012.09.06"]
[EventType "team-swiss"]
[EventRounds "7"]
[EventCountry "GER"]
[SourceTitle "EXT 2015"]
[Source "ChessBase"]
[SourceDate "2014.11.20"]
[SourceVersion "1"]
[SourceVersionDate "2014.11.20"]
[SourceQuality "1"]
[WhiteTeam "Ruedersdorf"]
[BlackTeam "Hagen"]
[WhiteTeamCountry "GER"]
[BlackTeamCountry "GER"]

1. e4 e6 2. d4 d5 3. e5 c5 4. Nf3 cxd4 5. Nxd4 Nc6 6. Bb5 Bd7 7. Bxc6 bxc6 8. 0-0 c5 9. Nf3 Ne7 10. Bg5 Qb6 11. b3 h6 12. Bh4 Nf5 13. Re1 g5 14. Bg3 Be7 15. Qd2 g4 16. Qd3 gxf3 17. Qxf3 h5 18. c4 Bc6 19. cxd5 Bxd5 20. Qd3 h4 21. Bf4 Rg8 22. g3 Rd8 23. Qc3 Qb4 24. Qxb4 cxb4 25. Nd2 Nd4 26. Kf1 Nc2 27. Kg1 Nxa1 28. Rxa1 Bc5 29. Rc1 Bb6 30. Nc4 Bxc4 31. bxc4 Bc5 32. Kh1 h3 33. f3 Rd3 34. Rf1 Kd7 35. g4 Kc6 36. Bg3 Rd2 37. Rb1 Rgd8 0-1

[Event "GER-chT North U14"]
[Site "Magdeburg"]
[Date "2012.09.07"]
[Round "3.1"]
[White "Richter, Robert"]
[Black "Fragel, Max"]
[Result "0-1"]
[WhiteElo "1107"]
[BlackElo "1526"]
[PlyCount "64"]
[EventDate "2012.09.06"]
[EventType "team-swiss"]
[EventRounds "7"]
[EventCountry "GER"]
[SourceTitle "EXT 2015"]
[Source "ChessBase"]
[SourceDate "2014.11.20"]
[SourceVersion "1"]
[SourceVersionDate "2014.11.20"]
[SourceQuality "1"]
[WhiteTeam "Ruedersdorf"]
[BlackTeam "Stade"]
[WhiteTeamCountry "GER"]
[BlackTeamCountry "GER"]

1. e4 Nf6 2. Nc3 d5 3. exd5 Nxd5 4. Nxd5 Qxd5 5. d4 Nc6 6. Be3 e5 7. c3 exd4 8. cxd4 Bb4+ 9. Bd2 Qxd4 10. Nf3 Bxd2+ 11. Qxd2 Qxd2+ 12. Nxd2 0-0 13. Nc4 Bf5 14. Ne3 Be6 15. g3 Ne5 16. Be2 Rad8 17. 0-0 Rd2 18. Rfe1 Rxb2 19. a3 Rd8 20. Kg2 g6 21. Bf3 Rdd2 22. Rf1 Nxf3 23. Kxf3 Bh3 24. Nc4 Rb3+ 25. Ke4 Re2+ 26. Kd4 Bxf1 27. Rxf1 Re7 28. f4 Rd7+ 29. Ke4 Rbd3 30. Na5 R7d4+ 31. Ke5 Rd5+ 32. Ke4 f5# 0-1

[Event "GER-chT North U14"]
[Site "Magdeburg"]
[Date "2012.09.06"]
[Round "2.1"]
[White "Beeck, Mats"]
[Black "Richter, Robert"]
[Result "1-0"]
[WhiteElo "1766"]
[BlackElo "1107"]
[PlyCount "61"]
[EventDate "2012.09.06"]
[EventType "team-swiss"]
[EventRounds "7"]
[EventCountry "GER"]
[SourceTitle "EXT 2015"]
[Source "ChessBase"]
[SourceDate "2014.11.20"]
[SourceVersion "1"]
[SourceVersionDate "2014.11.20"]
[SourceQuality "1"]
[WhiteTeam "Kiel Doppelbauer"]
[BlackTeam "Ruedersdorf"]
[WhiteTeamCountry "GER"]
[BlackTeamCountry "GER"]

1. Nf3 Nc6 2. e4 e5 3. Bb5 a6 4. Ba4 Nf6 5. 0-0 Be7 6. Qe2 0-0 7. c3 b5 8. Bb3 Bc5 9. Rd1 d6 10. d3 Bb6 11. h3 Re8 12. Nbd2 d5 13. Nf1 Be6 14. Ng3 h6 15. a4 Qd7 16. axb5 axb5 17. Rxa8 Rxa8 18. Bc2 Re8 19. Nh4 Ne7 20. d4 exd4 21. e5 Ng4 22. cxd4 c5 23. hxg4 Bxg4 24. f3 cxd4 25. Qd3 Be6 26. Qh7+ Kf8 27. Bd3 Rc8 28. Nh5 Qc7 29. Qxg7+ Ke8 30. Nf6+ Kd8 31. Qf8# 1-0